Trouver le joueur NBA / Niveau 2 #2 - Statistiques

Statistiques générales
  • Ce quiz a été pris 275 fois
  • Le résultat moyen est 14 sur 16
Statistiques - réponses
Par images Réponse % Correct
Jalen Brunson
95%
Zach LaVine
94%
Tyler Herro
93%
Domantas Sabonis
92%
Jordan Poole
92%
Bradley Beal
91%
Tyrese Maxey
91%
Cade Cunningham
89%
Kristaps Porzingis
89%
Austin Reaves
88%
Alperen Sengun
85%
Marcus Smart
84%
C.J. McCollum
81%
Desmond Bane
76%
Mike Conley
71%
Malcolm Brogdon
46%
Aucun quiz correspondant
Distribution des résultats
% des personnes avec chaque résultat
Percentile par nombre de réponses
Votre historique - résultats
Vous n’avez pas pris ce quiz